=LDR 00000nam 2200000 4500 =001 INLIS000000000040599 =005 20190517025954 =035 ##$$a 0010-061300000040599 =008 190517###########################0#ind## =041 ##$$a Ind =082 ##$$a 658 =090 ##$$a 658 , Wah a =100 ##$$a WAHONO, Satrio =245 1#$$a Animal Base management , Rahasia merek-merek rasasa berjaya , /$c Satrio Wahono =260 ##$$a Jakarta :$b Gramedia,$c 2010 =300 ##$$a xxii, 202 hlm. , ; $c 21 cm =650 ##$$a MANAJEMEN =850 ##$$a NBPNMAT =020 ##$$a 978-979-22-5904-9 =084 ##$$a 658 WAH a =710 ##$$a PURNOMO, Dofa =990 ##$$a 09870987 =990 ##$$a 21110538